01081 a2200157 4500003000500000005001700005040000900022082000800031100002600039245003400065260004300099300000800142500070900150538003000859650003400889Nust20170207153448.0 cNust a955 aLt General A.I. Akram aThe muslim conquest of persia aRawalpindibArmy education pressc1972 a333 aThe Name Of Allah (Page-1),The Change Of Commend (Page-15), The Victories And Defeat (Page-22),The Battle Of Buweib (Page-41),Umer And Sad (Page-53),Yazdjurd And Rustam (Page-68),The Eve Of Qadisiyya (Page-84),The Day Of Disorder (Page-109),The Day Of Succor (Page-121),The Day Of Hardship (Page-134),The Night Of Qadisiyya (Page-145),On To Ctesiphon (Page-159),The Conquest Of Ctesiphon (Page-172), The Battle Of Jalaula(Page-185),The Consolidation Of Iraq (Page-208),The Conquest Of Ahwaz (Page-220),The Con1uest Of Tustar(Page-233),The Rest Of Khuzistan (Page-244),The Persians March Again (Page-253),The Battle Of Nihawand (Page-265),The Fall Of Persia (Page-289),The Last Of The Sasanis (Page-301).  aAlmirah No.63 Shelf No.4 aThe muslim conquest of persia